[Event "XXVII. Rhein-Main-Open, Gruppe B"]
[Site "Bad Homburg vor der Höhe"]
[Date "2025.06.18"]
[Round "1.10"]
[White "Kostadinov, Emanuel"]
[Black "Negru, Maximilian"]
[Result "0-1"]
[WhiteElo "1518"]
[BlackElo "1694"]
[PlyCount "140"]
[EventDate "2025.06.18"]
[WhiteTeam "SV 1920 Hofheim"]
[BlackTeam "SK Bad Homburg 1927"]

1. e4 e6 2. d4 d5 3. e5 c5 4. c3 Nc6 5. Nf3 Qb6 6. Be2 cxd4 7. cxd4 Nh6 8. Bd3 Bd7 9. Bc2 Rc8 10. O-O Nb4 11. Nc3 Nxc2 12. Qxc2 Nf5 13. Be3 Bb4 14. a3 Bxc3 15. bxc3 Qa5 16. Bd2 O-O 17. g4 Ne7 18. h4 f5 19. exf6 Rxf6 20. Ne5 Be8 21. Bg5 Rxc3 22. Qb2 Rc7 23. Bxf6 gxf6 24. Nf3 h5 25. g5 fxg5 26. Nxg5 Qa6 27. Rfe1 Bd7 28. Qb1 Nf5 29. Qd1 Ng7 30. Qf3 Bb5 31. Rac1 Bc4 32. Qf4 Re7 33. Qb8+ Ne8 34. Kh1 Qd6 35. Qxd6 Nxd6 36. Rxe6 Rxe6 37. Nxe6 Kf7 38. Nc5 b6 39. Nd7 b5 40. Ne5+ Ke6 41. Re1 Kf6 42. Rg1 Ne4 43. Rg6+ Kf5 44. f3 Nf6 45. Rg5+ Kf4 46. Ng6+ Ke3 47. Rf5 Ng8 48. Rxh5 Kxd4 49. Rh8 Nf6 50. h5 Ke3 51. h6 d4 52. h7 Nxh7 53. Rxh7 d3 54. Re7+ Kd4 55. Re1 d2 56. Rd1 Ke3 57. Ne5 Bb3 58. Rxd2 Kxd2 59. f4 Ke3 60. f5 Kf4 61. Nd3+ Kxf5 62. Nb4 Ke4 63. Kg2 a5 64. Nc6 a4 65. Kf2 Kd3 66. Ke1 Kc3 67. Nd4 Kxd4 68. Kd2 Kc4 69. Kc1 Kc3 70. Kb1 Bc4 0-1

[Event "XXVII. Rhein-Main-Open, Gruppe B"]
[Site "Bad Homburg vor der Höhe"]
[Date "2025.06.18"]
[Round "1.11"]
[White "Kolker, Vladislav"]
[Black "Li, Xiao Teng"]
[Result "1-0"]
[WhiteElo "1830"]
[BlackElo "1623"]
[PlyCount "113"]
[EventDate "2025.06.18"]
[WhiteTeam "SC Bad Nauheim"]
[BlackTeam "SK Bad Homburg 1927"]

1. e4 e5 2. f4 d5 3. exd5 Qxd5 4. Nc3 Qe6 5. Nf3 e4 6. Ng5 Qf5 7. Bc4 Be6 8. Bxe6 fxe6 9. O-O Nf6 10. Qe2 Bc5+ 11. Kh1 Nc6 12. Qc4 Nd4 13. Nb5 O-O-O 14. Nxd4 Bxd4 15. Nxe6 Bb6 16. Nxd8 Rxd8 17. Qe2 Rd6 18. d3 exd3 19. cxd3 Rxd3 20. Bd2 Ne4 21. Be1 Re3 22. Qc4 Nf6 23. Rd1 Qe4 24. Qxe4 Rxe4 25. h3 Re2 26. Rd2 Rxd2 27. Bxd2 Ne4 28. Be1 Bd4 29. b3 Kd7 30. g4 Ke6 31. Kg2 c5 32. Kf3 Nf6 33. f5+ Kd5 34. Bf2 Ne4 35. Be1 Ng5+ 36. Kg2 Ne4 37. h4 h6 38. Kf3 Nf6 39. g5 hxg5 40. hxg5 Ne4 41. Kg4 b5 42. Bh4 Nd6 43. g6 c4 44. f6 gxf6 45. Bxf6 Ne8 46. Bxd4 Kxd4 47. Rf8 Ng7 48. Rf7 Ne8 49. Rxa7 c3 50. g7 Nf6+ 51. Kf5 Ng8 52. a4 bxa4 53. bxa4 c2 54. Rc7 Ne7+ 55. Ke6 Nd5 56. Rxc2 Nf4+ 57. Kf7 1-0

[Event "XXVII. Rhein-Main-Open, Gruppe B"]
[Site "Bad Homburg vor der Höhe"]
[Date "2025.06.18"]
[Round "1.14"]
[White "Fonseca, Luis"]
[Black "Graschdankin, Roman"]
[Result "0-1"]
[WhiteElo "1794"]
[BlackElo "1756"]
[PlyCount "58"]
[EventDate "2025.06.18"]
[WhiteTeam "Sabt Frankfurter TV 1860"]
[BlackTeam "SK Bad Homburg 1927"]

1. Nf3 d5 2. g3 Bf5 3. Bg2 e6 4. O-O Nf6 5. c4 c6 6. Qb3 Qb6 7. d3 Nbd7 8. cxd5 exd5 9. Nc3 Qxb3 10. axb3 Be7 11. Be3 O-O 12. Na4 c5 13. Rfc1 Rfc8 14. b4 cxb4 15. Rxc8+ Rxc8 16. Bxa7 Ra8 17. Be3 b5 18. Nd4 Rxa4 19. Rxa4 bxa4 20. Nxf5 Bc5 21. Bd2 Nb8 22. Ne3 Bxe3 23. fxe3 Na6 24. Bh3 a3 25. bxa3 bxa3 26. Bc8 Nc5 27. Bc3 Nb3 28. Bf5 d4 29. exd4 Nd5 0-1

[Event "XXVII. Rhein-Main-Open, Gruppe B"]
[Site "Bad Homburg vor der Höhe"]
[Date "2025.06.18"]
[Round "1.15"]
[White "Reinhardt, Anton"]
[Black "Yash Sunil Dalal"]
[Result "1-0"]
[WhiteElo "1824"]
[BlackElo "1449"]
[PlyCount "71"]
[EventDate "2025.06.18"]
[WhiteTeam "Sabt Frankfurter TV 1860"]

1. e4 e5 2. Nf3 Nc6 3. c3 Nf6 4. d4 exd4 5. e5 Ng8 6. cxd4 d5 7. Nc3 Bb4 8. h3 h6 9. Bd3 Nge7 10. O-O O-O 11. Bf4 Ng6 12. Be3 Bxc3 13. bxc3 Nce7 14. Qc2 Qe8 15. Rab1 Rb8 16. Nh2 Bd7 17. f4 f5 18. g4 Nh8 19. Kh1 g6 20. Rg1 Be6 21. Rg2 Kh7 22. Rbg1 Qf7 23. Nf3 Rg8 24. Qf2 Kg7 25. Qh4 c6 26. Bc1 a6 27. Ba3 Rbe8 28. Bxe7 Rxe7 29. gxf5 Bxf5 30. Bxf5 Qxf5 31. Qxe7+ Nf7 32. Rxg6+ Kh7 33. Rxh6+ Kxh6 34. Qh4+ Qh5 35. Qxh5+ Kxh5 36. Rxg8 1-0

[Event "XXVII. Rhein-Main-Open, Gruppe B"]
[Site "Bad Homburg vor der Höhe"]
[Date "2025.06.18"]
[Round "1.16"]
[White "Kim, David"]
[Black "Krombach, Karl-Heinz"]
[Result "1/2-1/2"]
[WhiteElo "1578"]
[BlackElo "1899"]
[PlyCount "90"]
[EventDate "2025.06.18"]
[WhiteTeam "SV 1920 Hofheim"]
[BlackTeam "SC Hilchenbach"]

1. e4 c5 2. Nc3 Nc6 3. Bb5 a6 4. Bxc6 bxc6 5. d3 Qc7 6. Be3 e6 7. Nf3 Nf6 8. O-O Be7 9. Re1 O-O 10. Qe2 d6 11. d4 cxd4 12. Bxd4 c5 13. Bxf6 Bxf6 14. e5 dxe5 15. Nxe5 Bb7 16. Qe3 Bxe5 17. Qxe5 Qxe5 18. Rxe5 Rac8 19. Rd1 Rc7 20. Na4 Bd5 21. Nc3 Bb7 22. Na4 Bd5 23. Nc3 Bb7 24. Re2 g6 25. Red2 Kg7 26. Rd7 Rfc8 27. f3 Bc6 28. R7d6 h5 29. b3 Kf6 30. Kf2 Ke7 31. Ke3 Rd7 32. Rxd7+ Bxd7 33. Ne4 Rc7 34. Rd3 f5 35. Nd6 Bc6 36. Nc4 Bb5 37. Rc3 Bxc4 38. Rxc4 Kd6 39. Rc3 e5 40. g3 Ke6 41. h4 Rc6 42. Rc4 Kd5 43. Ra4 Rb6 44. a3 Ke6 45. Rc4 Kd5 1/2-1/2

[Event "XXVII. Rhein-Main-Open, Gruppe B"]
[Site "Bad Homburg vor der Höhe"]
[Date "2025.06.18"]
[Round "1.17"]
[White "Meyer-Jany, Marcel"]
[Black "Xu, Dorothea Sicheng"]
[Result "1/2-1/2"]
[WhiteElo "1810"]
[BlackElo "1484"]
[PlyCount "76"]
[EventDate "2025.06.18"]
[WhiteTeam "SK Herborn 1946"]
[BlackTeam "SK Bad Homburg 1927"]

1. d4 Nf6 2. c4 Nc6 3. Nc3 e6 4. Nf3 Bb4 5. Qc2 d5 6. cxd5 exd5 7. a3 Ba5 8. Bg5 Be6 9. e3 a6 10. Ne5 h6 11. Nxc6 bxc6 12. Bxf6 Qxf6 13. b4 Bb6 14. Na4 Bf5 15. Qc3 O-O 16. Rc1 Bd7 17. Be2 a5 18. Nc5 Bxc5 19. bxc5 Rfb8 20. O-O Qg6 21. Bd3 Qg5 22. Rfd1 Bh3 23. Bf1 Re8 24. Rb1 Re6 25. g3 Bxf1 26. Rxf1 Qg4 27. Rb7 h5 28. Rfb1 Rf6 29. Qd3 g6 30. Rb8+ Rxb8 31. Rxb8+ Kg7 32. Ra8 h4 33. Rxa5 Qf3 34. Qf1 hxg3 35. hxg3 Rf5 36. Qg2 Qd1+ 37. Qf1 Qf3 38. Qg2 Qd1+ 1/2-1/2

[Event "XXVII. Rhein-Main-Open, Gruppe B"]
[Site "Bad Homburg vor der Höhe"]
[Date "2025.06.18"]
[Round "1.18"]
[White "Rausch, Pius"]
[Black "Reimer, Otto"]
[Result "0-1"]
[WhiteElo "1541"]
[BlackElo "1912"]
[PlyCount "100"]
[EventDate "2025.06.18"]
[WhiteTeam "SK Stadtallendorf"]
[BlackTeam "SK Bad Homburg 1927"]

1. d4 Nf6 2. Nf3 g6 3. e3 Bg7 4. Bd3 c5 5. c3 cxd4 6. exd4 d5 7. O-O O-O 8. Re1 Nc6 9. Bf4 Nh5 10. Bc1 Qd6 11. Qe2 Nf4 12. Bxf4 Qxf4 13. Qe3 Qxe3 14. Rxe3 Re8 15. Bb5 Bd7 16. Nbd2 Bh6 17. Ree1 a6 18. Ba4 Bf4 19. h3 e6 20. Red1 b5 21. Bb3 a5 22. a3 a4 23. Ba2 Na5 24. g3 Bd6 25. Ne5 Bc8 26. Ndf3 f6 27. Nd3 Nc4 28. Re1 Kg7 29. Re2 Ra7 30. Rae1 Rae7 31. Bxc4 bxc4 32. Nb4 Bb7 33. Kg2 e5 34. dxe5 fxe5 35. Nd2 Kf6 36. Kg1 Bc5 37. Rd1 Bxb4 38. axb4 Re6 39. Ra1 Bc6 40. f3 Bb5 41. Rae1 Ra8 42. Kf2 a3 43. Nb1 axb2 44. Rxb2 d4 45. cxd4 exd4 46. Rd1 c3 47. Nxc3 dxc3 48. Rc2 Ba4 49. Ra1 Bxc2 50. Rxa8 Bd3 0-1

[Event "XXVII. Rhein-Main-Open, Gruppe B"]
[Site "Bad Homburg vor der Höhe"]
[Date "2025.06.18"]
[Round "1.19"]
[White "Moldenhauer, Nils"]
[Black "Lebermann, Hellmuth"]
[Result "0-1"]
[WhiteElo "1639"]
[BlackElo "1886"]
[PlyCount "66"]
[EventDate "2025.06.18"]
[WhiteTeam "SV Oberursel"]
[BlackTeam "SK Bad Homburg 1927"]

1. e4 e5 2. Nf3 d5 3. exd5 Bd6 4. Bc4 Nf6 5. Nc3 O-O 6. O-O e4 7. Nd4 Bxh2+ 8. Kh1 Be5 9. Nde2 Nxd5 10. g3 Nxc3 11. Nxc3 Bxc3 12. bxc3 Qd7 13. Qh5 g6 14. Qh4 Nc6 15. Re1 Re8 16. Kg2 Qf5 17. Re3 Bd7 18. Ba3 Ne5 19. Bb3 Ng4 20. Rf1 a5 21. Ree1 b5 22. c4 a4 23. Bb4 axb3 24. axb3 Qf3+ 25. Kg1 Re5 26. Qh1 Rae8 27. Qxf3 exf3 28. d3 bxc4 29. bxc4 Rxe1 30. Rxe1 Rxe1+ 31. Bxe1 Kf8 32. Bb4+ Kg8 33. Kf1 h5 0-1

[Event "XXVII. Rhein-Main-Open, Gruppe B"]
[Site "Bad Homburg vor der Höhe"]
[Date "2025.06.18"]
[Round "1.20"]
[White "Mehlen, Theodor"]
[Black "Nikonenko, Tymofii"]
[Result "0-1"]
[WhiteElo "1831"]
[BlackElo "1495"]
[PlyCount "84"]
[EventDate "2025.06.18"]
[WhiteTeam "SC Matt im Park Ffm"]
[BlackTeam "SV Oberursel"]

1. e4 e5 2. Nf3 Nc6 3. Bc4 Bc5 4. c3 d6 5. O-O Nf6 6. d3 h6 7. Nbd2 O-O 8. a4 a5 9. h3 Be6 10. Bxe6 fxe6 11. Re1 Nh5 12. Nb3 Bb6 13. d4 exd4 14. cxd4 e5 15. Be3 Qe8 16. d5 Bxe3 17. Rxe3 Ne7 18. g3 Qd7 19. Kg2 Nf6 20. Qd2 b6 21. Nh4 Rf7 22. Qd3 Raf8 23. Rf3 Nh7 24. Rxf7 Rxf7 25. g4 Nf8 26. Nc1 Neg6 27. Nxg6 Nxg6 28. Qg3 Qe7 29. Ra3 Qg5 30. Re3 Nf4+ 31. Kg1 h5 32. Ne2 h4 33. Qh2 Nxe2+ 34. Rxe2 Qc1+ 35. Kg2 Qc4 36. Kf1 Qxa4 37. g5 Rf4 38. Qg2 Qa1+ 39. Re1 Qxb2 40. Re3 a4 41. Rf3 Qc1+ 42. Ke2 Rxe4+ 0-1

[Event "XXVII. Rhein-Main-Open, Gruppe B"]
[Site "Bad Homburg vor der Höhe"]
[Date "2025.06.18"]
[Round "1.22"]
[White "Hensel, Roman"]
[Black "Goodwin, David"]
[Result "1-0"]
[WhiteElo "1779"]
[BlackElo "1611"]
[PlyCount "75"]
[EventDate "2025.06.18"]
[WhiteTeam "SV Oberursel"]
[BlackTeam "SV 1920 Kelsterbach"]

1. e4 g6 2. d4 Bg7 3. c4 e5 4. dxe5 Bxe5 5. Nf3 Bg7 6. Bg5 Ne7 7. Nc3 c6 8. Qd6 h6 9. Bh4 g5 10. Bg3 Ng6 11. h4 Qe7 12. Qxe7+ Kxe7 13. hxg5 h5 14. O-O-O d5 15. cxd5 Bxc3 16. bxc3 Bg4 17. Rd3 cxd5 18. exd5 Na6 19. Re3+ Kd8 20. Ne5 Nxe5 21. Bxe5 Rf8 22. Bf6+ Kc8 23. f3 Bd7 24. Bxa6 bxa6 25. Be5 Kb7 26. c4 Rac8 27. Rc3 Rfe8 28. f4 Bg4 29. Kd2 a5 30. Rb1+ Ka6 31. Ke3 Bf5 32. Rb2 h4 33. Kd4 a4 34. c5 Bd7 35. c6 Bf5 36. Ra3 Ka5 37. Kc5 a6 38. Bc3# 1-0

[Event "XXVII. Rhein-Main-Open, Gruppe B"]
[Site "Bad Homburg vor der Höhe"]
[Date "2025.06.18"]
[Round "1.23"]
[White "Derr, Georg"]
[Black "Beier, Martin"]
[Result "1/2-1/2"]
[WhiteElo "1586"]
[BlackElo "1781"]
[PlyCount "58"]
[EventDate "2025.06.18"]
[WhiteTeam "VSG 1880 Offenbach"]
[BlackTeam "SK Bad Homburg 1927"]

1. e4 e6 2. d4 d5 3. exd5 exd5 4. Bd3 Bd6 5. Nf3 Nf6 6. Qe2+ Be7 7. Bg5 Be6 8. O-O O-O 9. Re1 Nbd7 10. Ne5 Re8 11. Nd2 Nxe5 12. dxe5 Nd7 13. Bxe7 Rxe7 14. f4 Nf8 15. f5 Bd7 16. Qh5 Qe8 17. Nf3 Bb5 18. Bxb5 Qxb5 19. f6 gxf6 20. exf6 Rxe1+ 21. Rxe1 Qb6+ 22. Kh1 Qxf6 23. Qxd5 Qxb2 24. Ne5 Ne6 25. Nxf7 Kxf7 26. Qxe6+ Kg7 27. Qe7+ Kh8 28. Qxc7 Rf8 29. c4 Qf6 1/2-1/2

[Event "XXVII. Rhein-Main-Open, Gruppe B"]
[Site "Bad Homburg vor der Höhe"]
[Date "2025.06.18"]
[Round "1.24"]
[White "Schneider, Felix"]
[Black "Röckle, Silas"]
[Result "1-0"]
[WhiteElo "1700"]
[BlackElo "1701"]
[PlyCount "89"]
[EventDate "2025.06.18"]
[WhiteTeam "SK Bad Homburg 1927"]
[BlackTeam "SF Frankfurt 1921"]

1. Nf3 Nf6 2. g3 g6 3. b3 Bg7 4. Bb2 O-O 5. Bg2 c5 6. c4 Nc6 7. O-O d6 8. d4 cxd4 9. Nxd4 Bd7 10. Nc3 Rb8 11. Nc2 a6 12. Nd5 Nxd5 13. Bxg7 Kxg7 14. Bxd5 Kg8 15. Qd2 Qa5 16. Qe3 e6 17. Bg2 Nb4 18. Qd2 Nc6 19. Qxd6 Rfd8 20. b4 Qa4 21. Qd2 Ne7 22. e4 Qc6 23. Ne3 Qc7 24. Qc3 a5 25. Ng4 Kf8 26. Nf6 axb4 27. Qxb4 Bc6 28. Rfd1 Kg7 29. Qc3 e5 30. Nd5 Bxd5 31. exd5 f6 32. a4 Qc5 33. Qd3 Nf5 34. Rdb1 Nd4 35. Rb2 Rdc8 36. Rab1 Qxc4 37. Rxb7+ Rxb7 38. Rxb7+ Kf8 39. Qa3+ Qc5 40. Qxc5+ Rxc5 41. d6 Ne6 42. Bf1 Rd5 43. Rb6 Nd4 44. Bc4 Rc5 45. Rb8+ 1-0

[Event "XXVII. Rhein-Main-Open, Gruppe B"]
[Site "Bad Homburg vor der Höhe"]
[Date "2025.06.18"]
[Round "1.25"]
[White "Jacoby, Jermaine"]
[Black "Nikonenko, Hlib"]
[Result "1/2-1/2"]
[WhiteElo "1579"]
[BlackElo "1667"]
[PlyCount "97"]
[EventDate "2025.06.18"]
[WhiteTeam "SK Bad Homburg 1927"]
[BlackTeam "SV Oberursel"]

1. e4 e6 2. d4 d5 3. Nc3 Nf6 4. e5 Nfd7 5. Nce2 c5 6. c3 Nc6 7. Nf3 Qb6 8. a3 c4 9. g3 Ne7 10. h4 a5 11. Bh3 Qc6 12. Nf4 Ng6 13. Nxg6 hxg6 14. Ng5 Be7 15. Qf3 Bxg5 16. Bxg5 b5 17. Bg2 b4 18. axb4 axb4 19. Rb1 Qa4 20. O-O b3 21. g4 Qc6 22. h5 gxh5 23. gxh5 Ra2 24. Qg4 f5 25. exf6 gxf6 26. Rfe1 Kf7 27. Bh4 Nf8 28. Qf3 f5 29. Bg5 Qc7 30. h6 Kg6 31. Bf4 Qd7 32. Bh3 Kh7 33. Be5 Rg8+ 34. Bg7 Qe7 35. Bxf5+ Ng6 36. Qh5 Qf7 37. Bxg6+ Qxg6+ 38. Qxg6+ Kxg6 39. Re3 Rxg7 40. hxg7 Kxg7 41. Rg3+ Kf6 42. Rh3 Bd7 43. Rh6+ Kg7 44. Rh3 Be8 45. Re3 Kf6 46. Kg2 Bg6 47. Rbe1 Bf5 48. R3e2 Kf7 49. Kg3 1/2-1/2

[Event "XXVII. Rhein-Main-Open, Gruppe B"]
[Site "Bad Homburg vor der Höhe"]
[Date "2025.06.18"]
[Round "1.26"]
[White "Jacobs, Thomas"]
[Black "Pishnograev, Ilya"]
[Result "1-0"]
[WhiteElo "1801"]
[BlackElo "1615"]
[PlyCount "69"]
[EventDate "2025.06.18"]
[WhiteTeam "SV 1929 Raunheim"]
[BlackTeam "SK Bad Homburg 1927"]

1. c4 Nf6 2. Nf3 e6 3. g3 d5 4. Bg2 Nc6 5. O-O e5 6. cxd5 Nxd5 7. d3 Nb6 8. Nc3 Be7 9. a3 Be6 10. b4 O-O 11. b5 Na5 12. Rb1 c6 13. a4 cxb5 14. axb5 f6 15. Be3 Nd5 16. Nxd5 Bxd5 17. Qa4 b6 18. Rfc1 Nb7 19. d4 e4 20. Nd2 Nd6 21. Bf4 f5 22. Nf1 g5 23. Be5 f4 24. Nd2 f3 25. exf3 exf3 26. Nxf3 g4 27. Nh4 Bxg2 28. Nxg2 Rf3 29. Rc6 Rc8 30. Bxd6 Rxc6 31. Bxe7 Qxe7 32. bxc6 Qe2 33. Rf1 Rc3 34. Qxa7 b5 35. Re1 1-0

[Event "XXVII. Rhein-Main-Open, Gruppe B"]
[Site "Bad Homburg vor der Höhe"]
[Date "2025.06.18"]
[Round "1.27"]
[White "Peschk, Kathrin"]
[Black "Nichols, Uwe"]
[Result "0-1"]
[WhiteElo "1640"]
[BlackElo "1793"]
[PlyCount "78"]
[EventDate "2025.06.18"]
[WhiteTeam "SV 1946 Groß-Gerau"]
[BlackTeam "SV Oberursel"]

1. e4 e5 2. Nf3 Nc6 3. Bc4 Bc5 4. d3 h6 5. Nc3 d6 6. h3 Nf6 7. Bd2 a6 8. a3 b5 9. Ba2 O-O 10. O-O Bd7 11. Re1 Nd4 12. b4 Ba7 13. Nxd4 Bxd4 14. Rb1 Be6 15. Bd5 Bxc3 16. Bxa8 Bxd2 17. Qxd2 Qxa8 18. f3 Nh5 19. Kh2 Qc8 20. Ra1 Nf4 21. a4 h5 22. axb5 axb5 23. h4 f6 24. g3 Ng6 25. Ra5 Bd7 26. Rea1 Qe8 27. Ra7 Qe6 28. Qg2 Rc8 29. Kg1 f5 30. Qd2 f4 31. Qh2 fxg3 32. Qxg3 Nf4 33. Kf2 g6 34. Ke3 Kg7 35. Kd2 d5 36. R7a6 c6 37. Ra7 Qd6 38. c3 d4 39. Qf2 dxc3+ 0-1

[Event "XXVII. Rhein-Main-Open, Gruppe B"]
[Site "Bad Homburg vor der Höhe"]
[Date "2025.06.18"]
[Round "1.28"]
[White "Beier, Claus Christian"]
[Black "Kellermann, Friedrich"]
[Result "1-0"]
[WhiteElo "1670"]
[BlackElo "1625"]
[PlyCount "35"]
[EventDate "2025.06.18"]
[WhiteTeam "SK Bad Homburg 1927"]
[BlackTeam "SC Hilchenbach"]

1. e4 e6 2. d4 d5 3. exd5 exd5 4. Bd3 Nf6 5. Bg5 h6 6. Bh4 Be7 7. Nf3 Nh5 8. Qe2 Be6 9. Ne5 Bxh4 10. Qxh5 Qf6 11. g3 Bg5 12. f4 Bxf4 13. gxf4 Qxf4 14. Nd2 Qe3+ 15. Qe2 Qxd4 16. O-O-O Nd7 17. Ndf3 O-O-O 18. Nxd4 1-0

[Event "XXVII. Rhein-Main-Open, Gruppe B"]
[Site "Bad Homburg vor der Höhe"]
[Date "2025.06.18"]
[Round "1.30"]
[White "Leopold, Dieter"]
[Black "Glavev, Victor"]
[Result "1/2-1/2"]
[WhiteElo "1818"]
[BlackElo "1443"]
[PlyCount "103"]
[EventDate "2025.06.18"]
[WhiteTeam "SK Königsspringer Wewels"]
[BlackTeam "SK Bad Homburg 1927"]

1. e4 e5 2. Nf3 Nc6 3. Bb5 Bc5 4. c3 a6 5. Ba4 d6 6. O-O Nf6 7. Re1 Bg4 8. h3 Bh5 9. d3 O-O 10. Nbd2 Re8 11. Nf1 d5 12. Ng3 dxe4 13. dxe4 Qxd1 14. Bxd1 Bg6 15. Bc2 Nh5 16. Nxh5 Bxh5 17. g4 Bg6 18. Nh4 Re6 19. Kg2 h5 20. Be3 Be7 21. Nf3 b5 22. Nd2 Bh4 23. Red1 b4 24. f3 Rb8 25. Bb3 Rd6 26. Nc4 Rxd1 27. Rxd1 bxc3 28. bxc3 Rd8 29. Rxd8+ Bxd8 30. Ba4 Ne7 31. Nxe5 hxg4 32. hxg4 f6 33. Nxg6 Nxg6 34. f4 Kf7 35. Bb3+ Ke7 36. Bc4 a5 37. Bc5+ Kd7 38. Kf3 Nh4+ 39. Kg3 g5 40. f5 c6 41. Be6+ Ke8 42. Bd6 Bb6 43. c4 Bd4 44. c5 Bc3 45. a4 Be1+ 46. Kh2 Nf3+ 47. Kg2 Nd4 48. Bc8 Nb3 49. Kf3 Bb4 50. e5 Bxc5 51. Bc7 fxe5 52. Bxe5 1/2-1/2

[Event "XXVII. Rhein-Main-Open, Gruppe B"]
[Site "Bad Homburg vor der Höhe"]
[Date "2025.06.18"]
[Round "1.31"]
[White "Erke, Georg"]
[Black "Shanmuganathan, Adhav"]
[Result "0-1"]
[WhiteElo "1634"]
[BlackElo "1719"]
[PlyCount "120"]
[EventDate "2025.06.18"]
[WhiteTeam "VSG 1880 Offenbach"]
[BlackTeam "SV 1934 Ffm-Griesheim"]

1. d4 d5 2. e4 dxe4 3. Nc3 e5 4. d5 c6 5. Bc4 Bb4 6. h3 Nf6 7. Bg5 cxd5 8. Bxf6 Qxf6 9. Bxd5 Qg6 10. Qe2 Bxc3+ 11. bxc3 f5 12. g3 Qb6 13. Bb3 Be6 14. Bxe6 Qxe6 15. Qb5+ Qc6 16. Qxe5+ Kd8 17. Rh2 Re8 18. Qd4+ Nd7 19. Ne2 Qb6 20. Qxb6+ axb6 21. Nd4 Ne5 22. Ke2 g6 23. Rhh1 Rc8 24. Rhd1 Ke7 25. Nb5 Rc5 26. a4 Nc4 27. Ra2 Ra8 28. Rda1 Nd6 29. Kd2 Nxb5 30. axb5 Rd8+ 31. Ke2 Rxc3 32. Rc1 Rc5 33. Rb2 Ke6 34. Ra1 Rdd5 35. Rab1 Rc3 36. Ke1 e3 37. fxe3 Rxe3+ 38. Kf2 Rc3 39. Re1+ Kf6 40. Re2 Rcc5 41. Ra2 Rxb5 42. Ra7 Rb2 43. Rxb7 Rc5 44. Rxh7 Rcxc2 45. Rxc2 Rxc2+ 46. Ke1 Rg2 47. Rb7 Rxg3 48. Rxb6+ Kg5 49. h4+ Kxh4 50. Kf2 g5 51. Rh6+ Kg4 52. Rd6 f4 53. Rd4 Re3 54. Ra4 Kf5 55. Ra5+ Re5 56. Rxe5+ Kxe5 57. Kf3 Kf5 58. Kf2 g4 59. Kf1 Ke4 60. Ke2 g3 0-1

[Event "XXVII. Rhein-Main-Open, Gruppe B"]
[Site "Bad Homburg vor der Höhe"]
[Date "2025.06.18"]
[Round "1.32"]
[White "Stiller, Harald"]
[Black "Piacentino, Mirco"]
[Result "0-1"]
[WhiteElo "1640"]
[BlackElo "1623"]
[PlyCount "68"]
[EventDate "2025.06.18"]
[BlackTeam "SV 1934 Ffm-Griesheim"]

1. d4 d5 2. c4 e6 3. Nc3 Nf6 4. cxd5 exd5 5. Bg5 Nbd7 6. e3 c6 7. Bd3 Qb6 8. Qc2 Be7 9. Nf3 h6 10. Bh4 O-O 11. O-O Qc7 12. a4 Bd6 13. Rab1 a5 14. Rfc1 Re8 15. Nb5 Qb8 16. Nxd6 Qxd6 17. Bg3 Qb4 18. h3 Ne4 19. Bh2 g5 20. Rd1 Nb6 21. Ra1 g4 22. hxg4 Bxg4 23. Be2 Nc4 24. Bxc4 Qxc4 25. Qxc4 dxc4 26. Kf1 Bxf3 27. gxf3 Ng5 28. Ke2 Kh7 29. Rdc1 b5 30. axb5 cxb5 31. Bd6 a4 32. Rd1 Kg6 33. d5 Rad8 34. Rd4 Rxd6 0-1

[Event "XXVII. Rhein-Main-Open, Gruppe B"]
[Site "Bad Homburg vor der Höhe"]
[Date "2025.06.18"]
[Round "1.33"]
[White "Lao, Theodora Siyuan"]
[Black "Smid, Marcel"]
[Result "0-1"]
[WhiteElo "1587"]
[BlackElo "1631"]
[PlyCount "142"]
[EventDate "2025.06.18"]
[WhiteTeam "SK Bad Homburg 1927"]

1. e4 c6 2. d4 d5 3. exd5 cxd5 4. Bf4 Nf6 5. Nf3 Bg4 6. Bb5+ Nc6 7. Nc3 e6 8. h3 Bxf3 9. Qxf3 a6 10. Bxc6+ bxc6 11. O-O Qb6 12. Qd3 c5 13. dxc5 Qxc5 14. Rad1 Be7 15. Rfe1 O-O 16. Qg3 Nh5 17. Qg4 Nxf4 18. Qxf4 Bf6 19. Re3 Rab8 20. Na4 Qxc2 21. Ree1 e5 22. Qf3 Qxa4 23. Qxd5 Rfd8 24. Qf3 Rxd1 25. Rxd1 Rd8 26. Rxd8+ Bxd8 27. Qa8 Qd1+ 28. Kh2 Qd6 29. Kg1 g6 30. b3 Kg7 31. Qe4 Bb6 32. a4 Qd4 33. Qf3 e4 34. Qe2 e3 35. fxe3 Qxe3+ 36. Qxe3 Bxe3+ 37. Kf1 Kf6 38. Ke2 Bc5 39. Kd3 a5 40. Ke4 Ke6 41. g4 f5+ 42. gxf5+ gxf5+ 43. Kf4 Kf6 44. h4 Bd6+ 45. Kf3 Ke5 46. Ke3 f4+ 47. Kf3 Kf5 48. Kf2 Kg4 49. Kg2 Kxh4 50. Kf3 Kh3 51. Kf2 Kh2 52. Kf3 h5 53. Kf2 h4 54. Kf3 h3 55. Kf2 Kh1 56. Kf1 h2 57. Kf2 Bc5+ 58. Kf1 f3 59. Ke1 Kg1 60. Kd2 h1=Q 61. Kd3 Qh7+ 62. Kc4 Qc2+ 63. Kb5 Qxb3+ 64. Kxc5 f2 65. Kd4 f1=Q 66. Ke4 Qfd3+ 67. Ke5 Qbc4 68. Kf6 Qce4 69. Kg5 Qdf3 70. Kh6 Qeg4 71. Kh7 Qfh3# 0-1

[Event "XXVII. Rhein-Main-Open, Gruppe B"]
[Site "Bad Homburg vor der Höhe"]
[Date "2025.06.18"]
[Round "1.38"]
[White "Schmid, Herbert"]
[Black "Pfaff, Helmut"]
[Result "0-1"]
[WhiteElo "1796"]
[BlackElo "1512"]
[PlyCount "90"]
[EventDate "2025.06.18"]
[WhiteTeam "SK Wertheim"]
[BlackTeam "Vorw.Orient Mainz"]

1. e4 e5 2. Nf3 Nc6 3. g3 Nf6 4. Nc3 d6 5. Bg2 Be7 6. O-O O-O 7. d4 a6 8. d5 Na5 9. b3 b5 10. Qe1 Nb7 11. Bb2 Bd7 12. Nd2 c5 13. dxc6 Bxc6 14. Nd5 Nxd5 15. exd5 Bd7 16. f4 f6 17. f5 Qb6+ 18. Kh1 a5 19. c4 b4 20. Ne4 a4 21. Qe2 axb3 22. axb3 Nc5 23. Nxc5 Qxc5 24. Be4 Qc8 25. h4 Bd8 26. h5 h6 27. Rxa8 Qxa8 28. Bc1 Bb6 29. Bd2 Bc5 30. Qg4 Kf7 31. Qg6+ Ke7 32. Qxg7+ Rf7 33. Qg6 Be8 34. Bxh6 Qa2 35. Rb1 Qe2 36. Bg2 Be3 37. Bxe3 Qxe3 38. Qg4 Rh7 39. Bh3 Bxh5 40. Qg8 Qe4+ 41. Kh2 Qc2+ 42. Bg2 Bg6+ 43. Qxh7+ Bxh7 44. Ra1 Bxf5 45. Ra7+ Bd7 0-1

[Event "XXVII. Rhein-Main-Open, Gruppe B"]
[Site "Bad Homburg vor der Höhe"]
[Date "2025.06.18"]
[Round "1.48"]
[White "Schlömer, Andreas"]
[Black "Lochmann, Tobias"]
[Result "1-0"]
[WhiteElo "1759"]
[BlackElo "1452"]
[PlyCount "63"]
[EventDate "2025.06.18"]
[WhiteTeam "SK Upland Willingen"]
[BlackTeam "SV 1946 Groß-Gerau"]

1. c4 c5 2. g3 Nc6 3. Bg2 g6 4. Nc3 Nf6 5. d3 Bg7 6. e4 Ne5 7. Nge2 d6 8. O-O O-O 9. Rb1 Bd7 10. h3 Nc6 11. Kh2 e5 12. f4 exf4 13. Bxf4 Nd4 14. Bxd6 Re8 15. Bxc5 Nxe2 16. Nxe2 Qc7 17. Bd4 Qd6 18. Bc3 Bf8 19. Bxf6 Be7 20. e5 Qe6 21. Nf4 Qb6 22. Nd5 Qd8 23. Bxe7 Rxe7 24. Nxe7+ Qxe7 25. d4 Rc8 26. b3 b6 27. Rb2 b5 28. Rbf2 bxc4 29. bxc4 Rf8 30. Bd5 Be6 31. Bxe6 Qxe6 32. Qe2 1-0

[Event "XXVII. Rhein-Main-Open, Gruppe B"]
[Site "Bad Homburg vor der Höhe"]
[Date "2025.06.18"]
[Round "1.49"]
[White "Nahler, Michael"]
[Black "Klein, Simon"]
[Result "1-0"]
[WhiteElo "1857"]
[BlackElo "1587"]
[PlyCount "25"]
[EventDate "2025.06.18"]
[WhiteTeam "SV Oberursel"]
[BlackTeam "SK Königsjäger Hungen"]

1. e4 d6 2. d4 Nf6 3. Nc3 Nbd7 4. f4 e5 5. Nf3 exd4 6. Nxd4 c6 7. Be2 Nc5 8. Bf3 a5 9. O-O b5 10. e5 dxe5 11. fxe5 Nd5 12. Nxc6 Qb6 13. Nxd5 1-0

[Event "XXVII. Rhein-Main-Open, Gruppe B"]
[Site "Bad Homburg vor der Höhe"]
[Date "2025.06.19"]
[Round "2.1"]
[White "Aechtner, Folke"]
[Black "Schneider, Wolfram"]
[Result "1-0"]
[WhiteElo "1741"]
[BlackElo "1937"]
[PlyCount "59"]
[EventDate "2025.06.18"]
[BlackTeam "SK Bad Homburg 1927"]

1. e4 c5 2. Nf3 d6 3. Bc4 Nc6 4. h3 e6 5. O-O a6 6. d4 cxd4 7. Nxd4 Qc7 8. a3 Nf6 9. Nc3 Be7 10. Ba2 O-O 11. Be3 b5 12. f3 Bd7 13. Nce2 Rac8 14. Rc1 Na5 15. b3 d5 16. e5 Qxe5 17. Bf4 Qh5 18. g4 Qxh3 19. Rf2 Nxg4 20. fxg4 Qxg4+ 21. Rg2 Qh5 22. Rh2 Qg6+ 23. Rg2 Qe4 24. Bb1 Bf6 25. c3 Bxd4+ 26. cxd4 Rxc1 27. Qxc1 Nxb3 28. Qd1 Qf3 29. Rg3 Qh5 30. Rxb3 1-0